00319nam a22001097a 4500020001800000082001600018100003500034245005500069260005800124300000800182650001900190 a9789354197536 a492.715 SHA aShareef, Pof. Muhammed Mustafa aVerbs of the Noble Qu'ran: Part 1: The Strong Verb aHyderabadbAbul Huda Centre for Quranic Studiesc2020 a264 aArabic Grammar